Research in daily life 1 : (Record no. 357856)
[ view plain ]
| 000 -LEADER | |
|---|---|
| fixed length control field | 00673nam a2200241Ia 4500 |
| 008 - FIXED-LENGTH DATA ELEMENTS--GENERAL INFORMATION | |
| fixed length control field | 180523s9999 xx 000 0 und d |
| 020 ## - INTERNATIONAL STANDARD BOOK NUMBER | |
| International Standard Book Number | 978-621-8019-02-7 |
| 050 ## - LIBRARY OF CONGRESS CALL NUMBER | |
| Classification number | FIL H 62 |
| 050 ## - LIBRARY OF CONGRESS CALL NUMBER | |
| Item number | .A23 2016 |
| 100 ## - MAIN ENTRY--PERSONAL NAME | |
| Personal name | Abadiano, Mark N. |
| 245 #0 - TITLE STATEMENT | |
| Title | Research in daily life 1 : |
| 245 #0 - TITLE STATEMENT | |
| Remainder of title | qualitative research method / |
| 245 #0 - TITLE STATEMENT | |
| Statement of responsibility, etc | Mark N. Abadiano. |
| 260 ## - PUBLICATION, DISTRIBUTION, ETC. (IMPRINT) | |
| Place of publication, distribution, etc | Philippines : |
| 260 ## - PUBLICATION, DISTRIBUTION, ETC. (IMPRINT) | |
| Name of publisher, distributor, etc | Cronica Bookhaus, |
| 260 ## - PUBLICATION, DISTRIBUTION, ETC. (IMPRINT) | |
| Date of publication, distribution, etc | 2016 |
| 300 ## - PHYSICAL DESCRIPTION | |
| Extent | 133 pages : |
| 300 ## - PHYSICAL DESCRIPTION | |
| Dimensions | 28 cm. |
| 500 ## - GENERAL NOTE | |
| General note | Includes bibliographical references. |
| 650 ## - SUBJECT ADDED ENTRY--TOPICAL TERM | |
| Topical term or geographic name as entry element | Qualitative research. |
| 650 ## - SUBJECT ADDED ENTRY--TOPICAL TERM | |
| Topical term or geographic name as entry element | Social sciences -- Research. |
| 650 ## - SUBJECT ADDED ENTRY--TOPICAL TERM | |
| General subdivision | Social sciences -- Methodology. |
| Withdrawn status | Lost status | Damaged status | Home library | Current library | Shelving location | Date acquired | Cost, normal purchase price | Total Checkouts | Full call number | Barcode | Date last seen | Price effective from | Koha item type |
|---|---|---|---|---|---|---|---|---|---|---|---|---|---|
| South Mansfield College | South Mansfield College | Filipiniana Section | 02/14/2017 | 404.70 | FIL H 62 .A23 2016 | SMC06100 | 05/23/2018 | 05/23/2018 | Books |